BIBLIOTECA PODER JUDICIAL
Portal Judicial TDF

El reconocimiento de la persona por nacer / (Registro nro. 5387)

000 -LEADER
fixed length control field 01453nab a22002417a 4500
003 - CONTROL NUMBER IDENTIFIER
control field OSt
005 - DATE AND TIME OF LATEST TRANSACTION
control field 20250310093756.0
008 - FIXED-LENGTH DATA ELEMENTS--GENERAL INFORMATION
fixed length control field 190604e xxu||||| |||| 00| 0 spa d
040 ## - CATALOGING SOURCE
Transcribing agency PJ
100 ## - MAIN ENTRY--PERSONAL NAME
9 (RLIN) 5368
Personal name Gómez, Julio Luis
245 13 - TITLE STATEMENT
Title El reconocimiento de la persona por nacer /
Statement of responsibility, etc Julio Luis Gómez.
260 ## - PUBLICATION, DISTRIBUTION, ETC. (IMPRINT)
Place of publication, distribution, etc Ciudad Autónoma de Buenos Aires :
Name of publisher, distributor, etc Thomson Reuters La Ley,
Date of publication, distribution, etc 2025.
300 ## - PHYSICAL DESCRIPTION
Extent p. 73-80
500 ## - GENERAL NOTE
General note Cita Online: TR LALEY AR/DOC/2769/2024.
505 ## - FORMATTED CONTENTS NOTE
Formatted contents note Sumario: I. Antecedentes. Su fundamento.— II. Ámbito de operatividad.— III. El reconociente.— IV. El reconocido.— V. Formas del reconocimiento.— VI. Quid de la acreditación del embarazo de la madre como requisito para la inscripción del reconocimiento.— VII. Notificación del reconocimiento.— VIII. Efectos.— IX. Reconocimiento de la persona por nacer y nacimiento como hijo matrimonial.— X. Nulidad e impugnación del reconocimiento de la persona por nacer.— XI. El nacimiento sin vida del reconocido.<br/><br/>
505 ## - FORMATTED CONTENTS NOTE
Title ¿Te interesa el texto completo? Solicitalo al correo: koha@justierradelfuego.gov.ar<br/>
650 #0 - SUBJECT ADDED ENTRY--TOPICAL TERM
9 (RLIN) 4383
Topical term or geographic name as entry element PERSONAS POR NACER
650 #0 - SUBJECT ADDED ENTRY--TOPICAL TERM
9 (RLIN) 1004
Topical term or geographic name as entry element FILIACION
650 #0 - SUBJECT ADDED ENTRY--TOPICAL TERM
9 (RLIN) 6358
Topical term or geographic name as entry element RECONOCIMIENTO DE HIJO EXTRAMATRIMONIAL
650 #0 - SUBJECT ADDED ENTRY--TOPICAL TERM
9 (RLIN) 4897
Topical term or geographic name as entry element EMBARAZO
773 0# - HOST ITEM ENTRY
Host Biblionumber 2714
Host Itemnumber 3171
Place, publisher, and date of publication Ciudad Autónoma de Buenos Aires : Thomson Reuters La Ley, 2014-
Title Revista anales de legislación argentina. Nº 3 - Marzo 2025.
942 ## - ADDED ENTRY ELEMENTS (KOHA)
Source of classification or shelving scheme
Koha item type Analítica Artículo de Revista

No hay ítems disponibles.

12 de Octubre 789 Ushuaia - Tel:  54(02901)441571
Horario de Atención: 8.00 a 17.00 hs. 
bibliotecaush@justierradelfuego.gov.ar
koha@justierradelfuego.gov.ar
Seguinos en nuestras redes @bibliojustdf 

Con tecnología Koha